El dinero del poder (Record no. 7707)

MARC details
000 -LEADER
campo de control de longitud fija 00932nam a2200265 i 4500
001 - NÚMERO DE CONTROL
campo de control 7707
003 - IDENTIFICADOR DE NÚMERO DE CONTROL
campo de control ES-MaACL
005 - FECHA Y HORA DE LA ÚLTIMA TRANSACCIÓN
campo de control 20230906145309.0
008 - DATOS DE LONGITUD FIJA--INFORMACIÓN GENERAL
campo de control de longitud fija 910323s1991 sp ||||1| spa d
020 ## - NÚMERO INTERNACIONAL ESTÁNDAR DEL LIBRO
Número Internacional Estándar del Libro 84-7679-190-9
080 ## - NÚMERO DE LA CLASIFICACIÓN DECIMAL UNIVERSAL
Número de la Clasificación Decimal Universal 336.6/.7(46)"1982/1990"
080 ## - NÚMERO DE LA CLASIFICACIÓN DECIMAL UNIVERSAL
Número de la Clasificación Decimal Universal 332.13(46)"1982/1990"
080 ## - NÚMERO DE LA CLASIFICACIÓN DECIMAL UNIVERSAL
Número de la Clasificación Decimal Universal 332.4(46)"1982/1990"
100 1# - ENTRADA PRINCIPAL--NOMBRE DE PERSONA
Nombre de persona Díaz Herrera, José.
9 (RLIN) 44307
245 13 - MENCIÓN DEL TÍTULO
Título El dinero del poder
Resto del título : la trama económica en la España socialista /
Mención de responsabilidad, etc. José Díaz Herrera, Ramón Tijeras.
250 ## - MENCION DE EDICION
Mención de edición 1ª ed.
260 ## - PUBLICACIÓN, DISTRIBUCIÓN, ETC.
Lugar de publicación, distribución, etc. Madrid :
Nombre del editor, distribuidor, etc. Cambio 16,
Fecha de publicación, distribución, etc. 1991.
300 ## - DESCRIPCIÓN FÍSICA
Extensión 713, [22] p., [32] p. de lám. ;
Dimensiones 22 cm.
500 ## - NOTA GENERAL
Nota general Índice onomástico.
610 24 - PUNTO DE ACCESO ADICIONAL DE MATERIA--NOMBRE DE ENTIDAD CORPORATIVA
Nombre de entidad corporativa o nombre de jurisdicción como elemento de entrada Partido Socialista Obrero Español.
9 (RLIN) 6155
650 ## - PUNTO DE ACCESO ADICIONAL DE MATERIA--TÉRMINO DE MATERIA
Término de materia o nombre geográfico como elemento de entrada Partidos políticos-
Subdivisión geográfica España-
Subdivisión general Finanzas.
9 (RLIN) 15866
651 #0 - PUNTO DE ACCESO ADICIONAL DE MATERIA--NOMBRE GEOGRÁFICO
Nombre geográfico España-
Subdivisión general Política y gobierno-
Subdivisión cronológica 1982-1996.
9 (RLIN) 8449
700 1# - ENTRADA AGREGADA--NOMBRE PERSONAL
Nombre de persona Tijeras, Ramon.
9 (RLIN) 110249
852 ## - LOCALIZACIÓN
Ubicación ES-MaACL
Número de control de estantería L-14921
Nota libre - Enc. cart.
Holdings
Estatus retirado Estado de pérdida Estado de daño No para préstamo Biblioteca de origen Biblioteca actual Ubicación en estantería Fecha de adquisición Fuente de adquisición Total de préstamos Signatura topográfica completa Código de barras Visto por última vez Precio de reemplazo Tipo de ítem Koha
        Biblioteca del Ateneo de Madrid Biblioteca del Ateneo de Madrid Depósito 2 17/01/2008     L-14921 1007861 23/02/2023 23/02/2023 Libro impreso